00617nam a2200205 i 4500001000700000003000900007005001700016007000300033008004100036080001100077245011900088250001200207260004500219300003000264490002400294650001900318700002900337830002400366852002100390146228ES-MaACL20230906201447.0t|070905s1982 sp a |||| | spa d a621.3800aTransductores y medidores electrónicos / cpor varios autores, bajo la coordinación de José Mompín Poblet. a2ª ed. aBarcelona : bMarcombo-Boixareu, c1982. a283 p. : bil. ; c29 cm.1 aMundo electrónico 4aTransductores.1 aMompín Poblet, José.0 aMundo electrónico aES-MaACLjL-6079